"Siódemki" Manchesteru United w XXI wieku - Statystyki

Ogólne statystyki
  • Ten quiz został rozwiązany 89 razy
  • Średni wynik to 8 z 10
Statystyki odpowiedzi
Hint Odpowiedź % Poprawnych
2003-2009 Portugalia Cristiano Ronaldo
100%
2021-2022 Portugalia Cristiano Ronaldo
100%
2017-2019 Chile Alexis Sanchez
97%
2020-2021 Urugwaj Edinson Cavani
89%
2014-2015 Argentyna Angel Di Maria
86%
2012-2013 Ekwador Antonio Valencia
80%
-2003 Anglia David Beckham
73%
2023- Anglia Mason Mount
69%
2015-2017 Holandia Memphis Depay
68%
2009-2012 Anglia Michael Owen
36%
Nie znaleziono quizów pasujących do podanych kryteriów
Rozkład punktacji
Procent ludzi z każdym wynikiem
Percentyl według liczby udzielonych odpowiedzi
Twoja historia wyników
Nie rozwiązałeś tego quizu